The influence of political events on attitudes towards the European Union (Record no. 58683)

000 -LEADER
fixed length control field 00510pab a2200181 454500
008 - FIXED-LENGTH DATA ELEMENTS--GENERAL INFORMATION
fixed length control field 180718b2003 xxu||||| |||| 00| 0 eng d
100 ## - MAIN ENTRY--PERSONAL NAME
Personal name Semetko, Holli A.
245 ## - TITLE STATEMENT
Title The influence of political events on attitudes towards the European Union
260 ## - PUBLICATION, DISTRIBUTION, ETC.
Date of publication, distribution, etc. 2003
300 ## - PHYSICAL DESCRIPTION
Extent p.621-34.
362 ## - DATES OF PUBLICATION AND/OR SEQUENTIAL DESIGNATION
Dates of publication and/or sequential designation Oct
650 ## - SUBJECT ADDED ENTRY--TOPICAL TERM
Topical term or geographic name entry element Political behaviour
650 ## - SUBJECT ADDED ENTRY--TOPICAL TERM
Topical term or geographic name entry element European Union
700 ## - ADDED ENTRY--PERSONAL NAME
Personal name Valkenburg, Patti M.
700 ## - ADDED ENTRY--PERSONAL NAME
Personal name Brug, Wouter Van
773 ## - HOST ITEM ENTRY
Main entry heading British Journal of Political Science
909 ## -
-- 58683
Holdings
Withdrawn status Lost status Damaged status Not for loan Permanent Location Current Location Date acquired Serial Enumeration / chronology Barcode Date last seen Price effective from Koha item type
        Indian Institute of Public Administration Indian Institute of Public Administration 2018-07-19 Volume no: 33, Issue no: 4 AR59128 2018-07-19 2018-07-19 Articles

Powered by Koha